| 000 | 00593pab a2200181 454500 | ||
|---|---|---|---|
| 008 | 180718b2005 xxu||||| |||| 00| 0 eng d | ||
| 100 | _aPerryer, Chris | ||
| 245 | _aThe influence of leader behaviors on organizational commitment: a study in the Australian public sector | ||
| 260 | _c2005 | ||
| 300 | _aP.379-96. | ||
| 650 | _aOrganizations - Australia | ||
| 650 | _aLeadership - Australia | ||
| 650 | _aPublic administration - Australia | ||
| 650 | _aPublic administration | ||
| 700 | _aJordan, Catherine | ||
| 773 | _aInternational Journal of Public Administration | ||
| 909 | _a65611 | ||
| 999 |
_c65611 _d65611 |
||